Tilastot visalle Valtioiden pisimmät rajat #1

Klikkaa tästä pelataksesi tätä visaa!

Yleistilastot

  • Tätä visaa on pelattu 986 kertaa
  • Keskiarvotulos 20 / 24

Vastaustilastot

ValtioPituusPisin raja% Oikein
Suomi1340 kmVenäjä
100%
Alankomaat577 kmSaksa
98%
Ranska
(Euroopassa)
623 kmEspanja
97%
Monaco4,4 kmRanska
95%
Peru1560 kmBrasilia
93%
Bangladesh4053 kmIntia
88%
Meksiko3141 kmYhdysvallat
87%
Argentiina5300 kmChile
86%
Italia740 kmSveitsi
85%
Afganistan2430 kmPakistan
83%
Tšekki658 kmSaksa
83%
Kolumbia2050 kmVenezuela
83%
Algeria1559 kmMarokko
82%
Georgia723 kmVenäjä
81%
Saudi-Arabia1458 kmJemen
80%
Laos2130 kmVietnam
80%
Libya1115 kmEgypti
78%
Etiopia1600 kmSomalia
77%
Tunisia965 kmAlgeria
76%
Egypti1273 kmSudan
75%
Haiti360 kmDominikaaninen
tasavalta
73%
Etelä-Afrikka1840 kmBotswana
70%
Syyria822 kmTurkki
66%
Ruanda290 kmBurundi
56%

Tulosjakauma

Persentiili vastausten määrän mukaan

Jokaisen tuloksen saaneiden osuus

Tuloshistoriasi

Et ole pelannut tätä visaa